00273nam a22001097a 4500008004100000020001500041050002500056100001800081245002600099260002500125300001300150190712b xxu||||| |||| 00| 0 eng d a0340815639 aKD829b.B73 2003 c.1 aBray, Judith  aland LawcJudith Bray aLondonbHodderc2003 av, 111p.